| 000 | 00696nam a2200241 a 4500 | ||
|---|---|---|---|
| 999 |
_c508 _d508 |
||
| 001 | 19207 | ||
| 003 | BD-DhUAP | ||
| 005 | 20200123101023.0 | ||
| 008 | 200123s2014 ii a b 000 0 eng | ||
| 020 | _a9789351431527 | ||
| 040 |
_aDLC _cDLC _dDLC _dBD-DhUAP |
||
| 082 | 0 | 0 |
_a174.3 GHO _223 |
| 100 | _aGhosh, Yashomati. | ||
| 245 | 1 | 0 |
_aLegal ethics and the profession of law / _cYashomati Ghosh ; Foreword by R Venkata Rao. |
| 260 |
_aNew Delhi : _bLexis Nexis,, _cc2014. |
||
| 300 |
_axxii, 348 pages : _billustrations ; _c28 cm. |
||
| 504 | _aIncludes bibliography. | ||
| 650 | 0 | _aLegal ethics | |
| 650 | 0 | _aPractice of law | |
| 700 | _aRao, R Venkata. | ||
| 942 |
_2ddc _cBK |
||